Historia latinoamericana 1700-2005 : sociedades, culturas, procesos políticos y económicos /
Guardado en:
| Autor Principal: | |
|---|---|
| Otros Autores: | , |
| Formato: | Libro |
| Idioma: | Undetermined |
| Publicado: |
Ituzaingó :
Maipue,
2006.
|
| Edición: | 1a ed. |
| Materias: | |
| Etiquetas: |
Agregar Etiqueta
Sin Etiquetas, Sea el primero en etiquetar este registro!
|
| LEADER | 02354nam a22002535a 4500 | ||
|---|---|---|---|
| 001 | CEM.cems025255 | ||
| 008 | 260701s2006####xx#######b####000#0#und#d | ||
| 005 | 20260701192447.0 | ||
| 245 | 1 | 0 | |a Historia latinoamericana 1700-2005 : |b sociedades, culturas, procesos políticos y económicos / |c Marisa Gallego, Teresa Eggers-Brass y Fernanda Gil Lozano. |
| 250 | |a 1a ed. | ||
| 260 | |a Ituzaingó : |b Maipue, |c 2006. | ||
| 300 | |a 508 p. ; |c 21 cm. | ||
| 504 | |a Bibliografía p.509. | ||
| 505 | 0 | |a CAPÍTULO 1. El mundo colonial iberoamericano -- El Mundo Colonial Iberoamericano -- Acerca del nombre -- ¿Por qué "Latinoamérica"? -- Los "indios" y "América" -- América en el siglo XVIII: la situación colonial -- Colonialismo y neocolonialismo -- El pacto colonial -- La repartición del mundo -- España y sus colonias -- Consecuencias de la conquista en América -- La minería colonial -- El comercio entre España y sus colonias -- El tráfico humano -- Los códigos negros -- Las plantaciones esclavistas -- Resistencia a la esclavitud: esclavos fugitivos e insurrecciones -- La rivalidad colonial entre las distintas potencias -- Los portugueses en América -- Los ciclos económicos en Brasil -- Las colonias europeas en América del Norte -- Conflictos entre España y Portugal -- El rol de las Misiones Jesuíticas -- Explotación indígena y expansión territorial portuguesa -- Tratados entre España y Portugal y resistencia en América -- La piratería y el contrabando -- Las expresiones culturales en la época de la colonia -- Una mirada a la complejidad literaria de América Latina -- La literatura colonial -- La pintura -- La arquitectura -- La música en la colonia -- CAPÍTULO 2. Las independencias latinoamericanas -- La situación en Europa -- La Revolución Industrial -- Exportaciones británicas de piezas de algodón -- La época de los Borbones -- Virreinatos e intendencias españoles en América -- A | |
| 020 | |a 9789879493243 | ||
| 100 | 1 | |a Gallego, Marisa. | |
| 700 | 1 | |a Eggers-Brass, Teresa. | |
| 700 | 1 | |a Gil Lozano, Fernanda. | |
| 653 | |a Historia latinoamerica-siglo XVIII | ||
| 653 | |a Historia latinoamerica-siglo XIX | ||
| 653 | |a Historia latinoamerica-siglo XX | ||
| 653 | |a Historia latinoamerica-siglo XXI | ||
| 653 | |a Historia latinoamericana | ||
| 859 | |a CEMS |b BIB. CEMS - 11 de abril |h 982 |i G135-1 |p 30847.26 |t Ej.1 | ||
